| 000 | 00397cam a22001337a 4500 | ||
|---|---|---|---|
| 020 | _a9251043876 (pbk.) | ||
| 050 | 0 | 0 |
_aTX357 _b.F54 1999 |
| 245 | 0 | 0 |
_aField programme management : _bfood, nutrition and development. |
| 260 |
_aRome : _bFood and Agriculture Organization of the United Nations, _c1999. |
||
| 300 | _avi, 236 p. : | ||
| 650 | 0 | _xFieldwork. | |
| 650 | 0 | _xStudy and teaching. | |
| 942 | _cGEN | ||
| 999 |
_c425 _d425 |
||